| 000 | 00453nam a2200181Ia 4500 | ||
|---|---|---|---|
| 003 | GCL | ||
| 008 | 140319s9999 xx 000 0 eng d | ||
| 040 |
_aGCL / _cGCL |
||
| 082 | 0 | 4 |
_a892.6 _bS R |
| 100 | 1 | _aSALAH JAHIN | |
| 245 | 1 | 0 |
_aRUBA'EYAT / _cSALAH JAHIN |
| 700 | 1 | _aNAHED SALEM | |
| 260 |
_a[S.N] : _bEILAS MODERN PUBLISHING HOUSE & CO ، _c1988 |
||
| 300 | _a91 PP | ||
| 650 | 0 | 4 | _aLITERATURE |
| 650 | 0 | 4 | _aARABIC LANGUAGE |
| 942 |
_2ddc _cBK |
||
| 999 |
_c19097 _d19097 |
||